[Event "Bassano del Grappa GM Mix 2nd"]
[Site "Bassano del Grappa"]
[Date "2021.03.25"]
[Round "3"]
[White "Bellahcene, Bilel"]
[Black "Moroni, Luca Jr"]
[Result "1-0"]
[WhiteElo "2517"]
[BlackElo "2552"]
[PlyCount "109"]
[EventDate "2021.03.24"]
[EventType "swiss"]
[EventRounds "9"]
[EventCountry "ITA"]
[SourceTitle "CBM 201 Extra"]
[Source "ChessBase"]
[SourceDate "2021.05.30"]
[SourceVersion "1"]
[SourceVersionDate "2021.05.30"]
[SourceQuality "1"]

1. e4 {Marin,Mihail} g6 2. d4 Bg7 3. Nc3 d6 4. Be3 Nf6 5. Qd2 O-O 6. O-O-O ({RR} 6. Be2 e5 7. dxe5 dxe5 8. O-O-O Qxd2+ 9. Rxd2 Nc6 10. Nf3 b6 11. h3 Bb7 12. Rhd1 Rfe8 13. Bc4 Na5 14. Bb5 c6 15. Bf1 b5 16. b4 Nc4 17. Bxc4 bxc4 18. g4 a5 19. bxa5 Bf8 20. g5 Ba3+) 6... c6 7. f3 b5 8. h4 ({RR} 8. Bh6) 8... h5 ({RR} 8... b4 9. Nce2 ({RR} 9. Nb1 Qa5 10. a3 c5 11. dxc5 dxc5 12. e5 Nfd7 13. Qd5 Nxe5 14. Qxa8 Nbc6) 9... Qa5 10. Kb1 ({RR} 10. a3 c5 11. dxc5 dxc5 12. e5 Nfd7 13. Qd5 bxa3) 10... h5 11. Nc1 Nbd7 12. Nh3 c5 13. Ng5 Rb8 ({RR} 13... cxd4 14. Bxd4 Rb8) 14. Nb3 ({RR} 14. Be2 Qc7 15. dxc5 Nxc5) 14... Qc7 15. dxc5 dxc5 16. Bc4 Nb6 ({RR} 16... Ne5 17. Bf4 {RR} Nfd7 18. Bxf7+ Rxf7 19. Qd5 Qb6 20. Nxf7 e6 21. Qxe5 Nxe5 22. Nxe5 Qc7 23. Nxg6 e5 24. Bg5 Kh7 25. Ne7 c4) 17. Qe2 ({RR} 17. Bxf7+ Rxf7 18. Bf4 e5 19. Qd8+ Qxd8 20. Rxd8+ Rf8 21. Rxf8+ Kxf8 22. Bxe5 Ra8 23. Nxc5 Nc4) ({RR} 17. Qd3) 17... Nfd7 18. f4 a5 19. e5 ({RR} 19. Nxa5 Nxc4 20. Nxc4 Ba6) 19... a4 20. Na1 ({RR} 20. Na5 Nxc4 21. Nxc4 Ba6 22. e6 Nb6 23. exf7+ Rxf7 24. b3 ({RR} 24. Nxf7 Bxc4 25. Qf2 Bxf7) 24... axb3 25. cxb3 ({RR} 25. axb3 Nxc4 26. bxc4 Qa5) 25... Bxc4 26. bxc4 Na4) ({RR} 20. Nc1 Nxe5 21. fxe5 Nxc4 22. Qxc4 Qxe5) ({RR} 20. Nd2 Nxe5 21. fxe5 Qxe5) 20... a3 ({RR} 20... Nxe5 21. fxe5 Nxc4 22. Qxc4 Qxe5 23. Bc1 b3 24. axb3 ({RR} 24. cxb3 Bf5+ 25. Nc2 axb3 26. axb3 Rb4 27. Qd5 c4 28. Qxe5 Bxe5 29. bxc4 Rxc4) 24... a3 25. Rhe1 Ra8 26. c3 a2+ 27. Kc2 Bf5+ 28. Ne4 Rad8) ({RR} 20... b3 21. axb3 ({RR} 21. cxb3 Nxe5 22. fxe5 Nxc4 23. Qxc4 Bf5+) 21... a3) 21. Bxf7+ ({RR} 21. Nb3 Nxe5 22. fxe5 Qxe5 23. Bc1 axb2 24. Bd2 Bg4) ({RR} 21. e6 axb2 22. Nb3 Na4) 21... Rxf7 22. Nxf7 Kxf7 ({RR} 22... axb2 23. Nb3 Qa7 24. Ng5 Qa3) 23. e6+ {Hracek,Z (2636)-Marin,M (2581) Calimanesti 2014 EXT 2015 [Marin,Mihail] 0-1}) ({RR} 8... Qa5 9. Kb1 b4 10. Nce2 h5 11. Nf4 Nbd7 12. g4 Nb6 13. gxh5 e5 14. h6 Bh8 15. dxe5 dxe5 16. h7+ Nxh7 17. h5 g5 18. Ng6 Be6 19. Ne7+ Kg7 20. b3 Na4 21. Nxc6 Qc7 22. h6+ Kg6 23. Qxb4 {Solomon,K (2348)-Moroni,L (2557) Bassano del Grappa 2021 ½-½ (48)}) 9. Nce2 ({RR} 9. e5 b4 10. exf6 bxc3 11. Qxc3 exf6 12. g4 hxg4 13. h5) 9... Nbd7 $146 ({RR} 9... b4 10. Qxb4 Na6 11. Qa3 Rb8 12. Nc3 Qb6 13. Bxa6 Bxa6 14. Kb1 Rb7 15. Nge2 Rfb8 16. b3 Bb5 17. Nxb5 cxb5 18. Qc1 a5 19. d5 Qa6 20. Bd4 b4 21. Rhe1 a4 22. Qb2 Rc8 23. g4 hxg4 24. fxg4 {Yu,L (1551)-Yan,M Shanghai CHN 2024 ½-½ (47)}) ({RR} 9... a5 10. g4 a4 11. Ng3 Qa5 12. gxh5 Qxd2+ 13. Rxd2 Nxh5 14. Nxh5 gxh5 15. Bh3 f5 16. Rg2 f4 17. Bd2 Kf7 18. Bxc8 Rxc8 19. Ne2 e5 20. Rg5 Nd7 21. Rxh5 Rh8 22. Rxh8 Rxh8 23. d5 cxd5 24. exd5 {Apol,L (2326)-Gregersen,H (2000) Klaksvik FAI 2025 1-0 (37)}) 10. g4 b4 11. Ng3 Qa5 12. gxh5 Qxa2 13. Qxb4 Rb8 14. Qa3 Qxa3 15. bxa3 Nxh5 16. Nxh5 gxh5 17. Nh3 f6 18. Nf4 Bh6 19. Nd5 Bxe3+ 20. Nxe3 Nb6 21. Be2 Kh7 22. Rhg1 Bd7 23. f4 Kh6 24. Rg3 Rg8 25. Rdg1 Rxg3 26. Rxg3 Na4 27. e5 dxe5 28. fxe5 Nc3 29. Bd3 f5 30. Rg5 Rb1+ 31. Kd2 Ne4+ 32. Bxe4 fxe4 33. e6 Bxe6 34. Re5 Bh3 35. Rxe7 a5 36. Rc7 Ra1 37. Rxc6+ Kg7 38. Rc7+ Kf8 39. Rc5 Rxa3 40. Rxh5 Ra4 41. d5 Ke7 42. Rh6 Ra1 43. Ra6 Bd7 44. h5 a4 45. h6 Rh1 46. Kc3 Bb5 47. Nf5+ Kd8 48. Ra8+ Kc7 49. h7 Bd7 50. h8=Q Rxh8 51. Rxh8 Bxf5 52. Rh5 Bg6 53. Rg5 Be8 54. Kd4 a3 55. Rg3 1-0

[Event "Titled Tue 16th May Early"]
[Site "chess.com INT"]
[Date "2023.05.16"]
[Round "1"]
[White "Khandelwal, A."]
[Black "Moroni, L."]
[Result "1-0"]
[WhiteElo "2205"]
[BlackElo "2535"]
[PlyCount "27"]
[EventDate "2023.05.16"]

1. e4 g6 2. d4 Bg7 3. Nc3 d6 4. Be3 Nf6 5. Qd2 O-O 6. O-O-O c6 7. f3 Qa5 8. Kb1 e5 ({RR} 8... Re8 9. h4 h5 10. Nge2 b5 11. Nc1 a6 12. Bh6 Qc7 13. Bxg7 Kxg7 14. Be2 b4 15. Na4 a5 16. g4 Rh8 17. g5 Ne8 18. f4 e6 19. Bd3 Ba6 20. c4 bxc3 21. Qxc3 Bxd3+ 22. Nxd3 Kh7 23. f5 {Kasparov,G (2838)-Manolessos,G Patras 2001 1-0}) ({RR} 8... b5 9. h4 h5 10. Bh6 Bxh6 11. Qxh6 Be6 12. d5 cxd5 13. exd5 Bf5 14. Bxb5 Rc8 15. Nge2 Na6 16. g4 Bxc2+ 17. Kxc2 Qxb5 18. Nd4 Qa5 19. Nc6 Nb4+ 20. Nxb4 Qxb4 21. gxh5 Rab8 22. Rb1 Nxd5 23. Qd2 {Levitskiy,A (2257)-Moroni,L (2558) chess.com INT 2024 0-1 (56)}) 9. h4 $146 ({RR} 9. g4 Na6 10. Nge2 b5 11. Nd5 Qxd2 12. Ne7+ Kh8 13. Rxd2 Bb7 14. g5 Nxe4 15. fxe4 Rfe8 16. d5 Rxe7 17. dxc6 Bxc6 18. Nc3 Nc7 19. Rxd6 Re6 20. Rd2 f5 21. Bh3 b4 22. Nd5 Bxd5 23. exd5 Rd6 {Fernandes,A (2465)-Ferreira,N (2178) Odivelas 2001 1-0 (58)}) 9... b5 10. h5 b4 11. Nce2 Be6 12. Nc1 exd4 13. Bh6 c5 14. hxg6 1-0

[Event "Titled Tue 11th Mar Early"]
[Site "chess.com INT"]
[Date "2025.03.11"]
[Round "1"]
[White "Durarbayli, Vasif"]
[Black "Marchand, Calix"]
[Result "1-0"]
[WhiteElo "2612"]
[BlackElo "2104"]
[PlyCount "73"]
[EventDate "2025.03.11"]

1. e4 d6 2. d4 Nf6 3. Nc3 g6 4. Be3 Bg7 5. Qd2 O-O 6. O-O-O c6 7. f3 Qc7 ({RR} 7... h5 8. h3 Qc7 9. g4 Nbd7 10. gxh5 Nxh5 11. Nge2 b5 12. Nf4 Ng3 13. Rg1 Nxf1 14. Rdxf1 Nb6 15. Nxg6 Nc4 16. Qg2 fxg6 17. Qxg6 e5 18. Bh6 Rf7 19. Bxg7 Rxg7 20. Qe8+ Kh7 21. Qh5+ Kg8 22. Qe8+ {Morales Perez,G (1902)-Radenkovic,M (2027) Petrovac MNE 2025 ½-½}) 8. Bh6 ({RR} 8. g4 b5 9. h4 a5 10. h5 a4 11. Bh6 e5 12. dxe5 dxe5 13. Nge2 Be6 14. Ng3 Na6 15. Nf5 Bxf5 16. Bxg7 Kxg7 17. gxf5 Rad8 18. Bd3 Nb4 19. Rdg1 Rg8 20. hxg6 fxg6 21. Qg5 Qe7 22. fxg6 hxg6 {Hrbek,S (2426)-Terziev,D (2123) chess.com INT 2024 1-0 (53)}) 8... b5 9. h4 e5 $146 ({RR} 9... Nbd7 10. g4 a5 11. h5 b4 12. Nce2 Ba6 13. Ng3 Ne8 14. Bxg7 Nxg7 15. hxg6 fxg6 16. Qh6 Nf6 17. Nh3 b3 18. cxb3 Bxf1 19. Rdxf1 a4 20. Kb1 a3 21. Ng5 axb2 22. Qxg7+ Kxg7 23. Ne6+ Kf7 24. Nxc7 {Sarenac,I (2070)-Krstic,P (2182) Vrnjacka Banja 2005 1-0}) ({RR} 9... b4 10. Na4 c5 11. h5 Be6 12. Bxg7 Kxg7 13. hxg6 fxg6 14. Qh6+ Kg8 15. Nh3 Bxh3 16. Bc4+ e6 17. Qxh3 cxd4 18. Rxd4 Re8 19. Bxe6+ Kh8 20. Rxb4 Na6 21. Rd4 Rab8 22. e5 dxe5 23. Rd7 {1-0 (23) Andersen,R (2026)-Sorensen,D (1928) Taastrup 2009}) 10. dxe5 dxe5 11. h5 Be6 12. Bxg7 Kxg7 13. Kb1 Nbd7 14. g4 Rfd8 15. Bd3 Nc5 16. Nh3 Qa5 17. b3 b4 18. Ne2 Rd7 19. hxg6 fxg6 20. Qg5 Bg8 21. Nf2 Ne6 22. Qh6+ Kf7 23. g5 Ne8 24. Ng4 Rad8 25. Qh2 Kf8 26. Nxe5 Rd6 27. Nc4 Qxg5 28. Nxd6 Nxd6 29. f4 Qe7 30. f5 gxf5 31. Rdf1 Nc5 32. e5 Nxd3 33. exd6 Qf6 34. cxd3 a5 35. Qh6+ Kf7 36. Qh5+ Kf8 37. Rxf5 1-0